Elektrochemická charakterizácia antivírusových liečiv a ich interakcií s biomolekulami

Na minha lista:
Detalhes bibliográficos
Autor principal: Fodor, Richard (Author)
Outros Autores: Blaškovičová, Jana (Thesis advisor)
Formato: Manuscrito Livro
Idioma:eslovaco
Publicado em: 2022
Assuntos:
Acesso em linha:http://is.stuba.sk/zp/portal_zp.pl?podrobnosti=160703
Tags: Adicionar Tag
Sem tags, seja o primeiro a adicionar uma tag!

MARC

LEADER 00000ntm a22000003a 4500
001 stuzp90411
003 SK-STU
005 20220625211843.4
007 ta
008 150427s2015----xo-----f-mn---000-0-slo-d
040 |a STU  |b slo 
041 0 |a slo 
100 1 |a Fodor, Richard  |u 041000  |4 aut  |U FCHPT Fakulta chemickej a potravinárskej technológie  |T FCHPT Ústav analytickej chémie  |X 104292  |U C1000  |Y 99  |7 104292 
242 0 1 |a Electrochemical characterization of antiviral drugs and their interactions with biomolecules  |y eng 
245 1 0 |a Elektrochemická charakterizácia antivírusových liečiv a ich interakcií s biomolekulami 
260 |c 2022 
650 4 |a biosenzor  |2 slo 
650 4 |a kolchicín  |2 slo 
650 4 |a DNA  |2 slo 
650 4 |a elektróda zo sklovitého uhlíka  |2 slo 
650 4 |a COVID-19  |2 slo 
650 4 |a Colchicine  |2 eng 
650 4 |a biosensor  |2 eng 
650 4 |a COVID-19  |2 eng 
650 4 |a DNA  |2 eng 
650 4 |a glassy carbon electrode  |2 eng 
700 1 |a Blaškovičová, Jana  |u 041000  |k Z1  |4 ths  |U FCHPT Fakulta chemickej a potravinárskej technológie  |T FCHPT Ústav analytickej chémie  |X 66699  |U C1000  |Y 99  |7 A0000066699 
856 4 |u http://is.stuba.sk/zp/portal_zp.pl?podrobnosti=160703